Pen15 Characters - Statistics

General Stats
  • This quiz has been taken 20 times
  • The average score is 12 of 26
Answer Stats
Answer % Correct
Anna
100%
Maya
100%
Sam
84%
Alex
74%
Brandt
74%
Heather
74%
Dustin
63%
Shuji
63%
Yuki
63%
Steve
53%
Brendan
47%
Curtis
47%
Maura
47%
Connie
42%
Derrick
32%
Gabe
32%
Jenna
32%
Kathy
32%
Fred
26%
Ian
26%
Andy
21%
Terra
21%
Marissa
16%
Greg
11%
Jan
11%
Stevie
11%
No matching quizzes found
Score Distribution
Percent of People with Each Score
Percentile by Number Answered
Your Score History
You have not taken this quiz